ბათუმის შოთა რუსთაველის სახელმწიფო უნივერსიტეტის ბიბლიოთეკა

ფინანსური ბაზარი.ფასიანი ქაღალდების ბაზრის ფუნდამენტური და ტექნიკური ანალიზი. (ბიბ.ჩანაწერი № 43845)

000 -LEADER
fixed length control field 01184nam a2200265Ia 4500
001 - CONTROL NUMBER
control field 10593
003 - CONTROL NUMBER IDENTIFIER
control field GE_BSU
008 - FIXED-LENGTH DATA ELEMENTS--GENERAL INFORMATION
fixed length control field 181216s||||||||xx |||||||||||||| ||und||
020 ## - INTERNATIONAL STANDARD BOOK NUMBER
International Standard Book Number 9789941052217
040 ## - CATALOGING SOURCE
Transcribing agency GE_BSU
080 ## - UNIVERSAL DECIMAL CLASSIFICATION NUMBER
Universal Decimal Classification number 336.763+339.727
100 ## - MAIN ENTRY--PERSONAL NAME
Personal name ქოქიაური,ლამარა
245 ## - TITLE STATEMENT
Title ფინანსური ბაზარი.ფასიანი ქაღალდების ბაზრის ფუნდამენტური და ტექნიკური ანალიზი.
245 ## - TITLE STATEMENT
Statement of responsibility, etc. მეცნ–რედ:გიორგი ღავთაძე.
260 ## - PUBLICATION, DISTRIBUTION, ETC.
Place of publication, distribution, etc. თბილისი
260 ## - PUBLICATION, DISTRIBUTION, ETC.
Name of publisher, distributor, etc. საქ.ტექნ.უნ–ტი.
260 ## - PUBLICATION, DISTRIBUTION, ETC.
Date of publication, distribution, etc. 2013.
300 ## - PHYSICAL DESCRIPTION
Extent 626გვ;26სმ.
300 ## - PHYSICAL DESCRIPTION
Other physical details გრაფ.
300 ## - PHYSICAL DESCRIPTION
Dimensions დანართი გვ.572–598.
300 ## - PHYSICAL DESCRIPTION
Accompanying material ბიბლიოგრ. გვ:598–594. ნახ.
653 ## - INDEX TERM--UNCONTROLLED
Uncontrolled term ფინანსური ბაზარი.ფასიანი ქარალდების ბაზრის ფუნდამენტური და ტექნიკური ანალიზი.
942 ## - ADDED ENTRY ELEMENTS (KOHA)
Koha item type წიგნი
ეგზემპლარები
Withdrawn status Lost status Damaged status Not for loan Date acquired Barcode Date last seen Price effective from Koha item type Public note
        2018-12-17 34412 2018-12-17 2018-12-17 წიგნი  
        2018-12-17 35041 2018-12-17 2018-12-17 წიგნი  
        2018-12-17 35042 2018-12-17 2018-12-17 წიგნი  
        2018-12-17 46594 38 ლ. 2018-12-17 2018-12-17 წიგნი 38ლ.
        2018-12-17 46595 38 ლ 2018-12-17 2018-12-17 წიგნი 38 ლ
        2018-12-17 46596 38 ლ 2018-12-17 2018-12-17 წიგნი 38 ლ
        2018-12-17 46597 38 ლ 2018-12-17 2018-12-17 წიგნი 38 ლ
        2018-12-17 46598 38 ლ 2018-12-17 2018-12-17 წიგნი 38 ლ